Statistics for Countries Vladimir Putin has visited

Click here to take the quiz!

General Stats

  • This quiz has been taken 289 times
    (96 since last reset)
  • The average score is 57 of 69

Answer Stats

ContinentCountry% Correct
AsiaChina
94%
EuropeUnited Kingdom
94%
North AmericaUnited States of America
94%
South AmericaBrazil
93%
North AmericaCanada
93%
OceaniaAustralia
92%
EuropeGermany
92%
Asia/ EuropeTurkey
92%
EuropeUkraine
92%
AfricaEgypt
90%
EuropeFrance
90%
AsiaIndia
90%
AsiaJapan
90%
South AmericaArgentina
89%
EuropeItaly
89%
North AmericaMexico
89%
EuropePoland
89%
EuropeSpain
89%
EuropeGreece
88%
AsiaIran
88%
EuropePortugal
88%
EuropeSweden
88%
EuropeBelarus
87%
EuropeFinland
87%
AsiaSouth Korea
87%
AsiaArmenia
86%
EuropeAustria
86%
EuropeBelgium
86%
EuropeRomania
86%
EuropeBulgaria
85%
AsiaSaudi Arabia
85%
North AmericaCuba
83%
EuropeHungary
83%
AsiaIndonesia
83%
AsiaSyria
83%
AfricaAlgeria
82%
AsiaAzerbaijan
82%
South AmericaChile
82%
AfricaSouth Africa
82%
EuropeCroatia
81%
EuropeSlovakia
81%
EuropeSlovenia
81%
Europethe Netherlands
81%
AsiaTurkmenistan
81%
EuropeCzech Republic
80%
EuropeNorway
80%
EuropeSerbia
80%
EuropeSwitzerland
80%
AsiaTajikistan
80%
AsiaMongolia
79%
AsiaThailand
79%
AsiaUnited Arab Emirates
79%
EuropeMoldova
75%
South AmericaPeru
75%
AsiaUzbekistan
75%
AsiaVietnam
75%
AfricaLibya
74%
AsiaMalaysia
74%
AsiaJordan
73%
AsiaKyrgyzstan
73%
EuropeVatican City
73%
AsiaIsrael
70%
AsiaKazakhstan
70%
AsiaQatar
70%
AfricaMorocco
68%
AsiaSingapore
64%
North AmericaGuatemala
61%
North AmericaNicaragua
61%
EuropeLuxembourg
60%

Score Distribution

Percentile by Number Answered

Percent of People with Each Score

Your Score History

You have not taken this quiz since the last reset